Phẩm chất của những nhà giáo ưu tú /
Uloženo v:
| Hlavní autor: | |
|---|---|
| Médium: | Sách giấy |
| Jazyk: | Vietnamese |
| Vydáno: |
Tp. Hồ Chí Minh:
Văn hoá Sài gòn,
2009.
|
| Témata: | |
| Tagy: |
Přidat tag
Žádné tagy, Buďte první, kdo otaguje tento záznam!
|
| Thư viện lưu trữ: | Thư viện Trường Đại học Đà Lạt |
|---|
| LEADER | 00892nam a2200337 4500 | ||
|---|---|---|---|
| 001 | DLU100103996 | ||
| 005 | ##20100301 | ||
| 040 | # | # | |a DLU |b vie |
| 041 | # | # | |a vie |
| 044 | # | # | |a vn |
| 082 | # | # | |a 378.12 |b BA-K |
| 100 | # | # | |a Bain, Ken. |
| 245 | # | # | |a Phẩm chất của những nhà giáo ưu tú / |c Ken Bain. |
| 260 | # | # | |a Tp. Hồ Chí Minh: |b Văn hoá Sài gòn, |c 2009. |
| 300 | # | # | |a 417 tr. ; |c 21 cm. |
| 504 | # | # | |a Chính sách nhà nước |
| 504 | # | # | |a Kinh tế nông nghiệp |
| 504 | # | # | |a Phát triển nông thôn |
| 650 | # | # | |a Dạy học hiệu quả |z Hoa Kỳ. |
| 650 | # | # | |a Giảng dạy ở trường đại học |z Hoa Kỳ. |
| 923 | # | # | |a 01/2010 |
| 991 | # | # | |a SH |
| 992 | # | # | |a 69000 |
| 994 | # | # | |a DLU |
| 900 | # | # | |a True |
| 911 | # | # | |a Đào Thị Thu Huyền |
| 925 | # | # | |a G |
| 926 | # | # | |a A |
| 927 | # | # | |a SH |
| 980 | # | # | |a Thư viện Trường Đại học Đà Lạt |